000 01036nam0a22002771 4500
001 RU\INFOCOMM_327\NLR\5000031462
005 20250613110648.0
035 _a(NLR Aleph) 009570519
090 _a9126571
_c9126571
100 _a20130215d1987 |||y0rusy50 ca
101 0 _aeng
102 _aRU
105 _ay z |||||
200 1 _aOn the possible unification in the course of universe collapse of all types of fields onto matter characterized by hydrodynamical properties only
_fM. A. Markov
210 _aМосква
_cИн-т ядер. исслед. АН СССР
_d1987
215 _a5 с.
_d29 см
225 1 _aПрепринт
_fАкад. наук СССР, Ин-т ядер. исслед.
_vP-0570
320 _aБиблиогр.: с. 5
606 0 _aВселенная
_9984800
_3RU\NLR\AUTH\6652938
686 _aВ632.93
_2rubbk
700 1 _aMarkov
_bM. A.
_f1908-1994
_gMoisej Aleksandrovič
801 1 _aRU
_bInfocomm
_c20130215
801 0 _aRU
_bINFOCOMM
_gPSBO
852 _aNLR
_jА01 Д-8/111
942 _cBOOK
980 _aNB